| 000 | 00503nam a2200193 i 4500 | ||
|---|---|---|---|
| 001 | bgj | ||
| 245 | 0 | 0 |
_aOxford Student's Dictionary of English / _cKeith Brown. |
| 260 |
_aOxford : _bOxford University Press, _c2001. |
||
| 300 |
_aXII, 776, S44 pp ; _c20 cm. |
||
| 650 | 9 | _aEnglish language | |
| 655 | _aDictionaries | ||
| 700 | 1 | _aBROWN, Keith | |
| 020 | _a0194315177 | ||
| 040 | _cBPK | ||
| 041 | 0 | _aeng | |
| 920 | _a0-19-431-5177 | ||
| 942 | _cKS | ||
| 008 | s uk f |000 0 eng | ||
| 999 |
_c48570 _d48570 |
||